Advanced Machining Processes (Record no. 6676)
[ view plain ]
| 000 -LEADER | |
|---|---|
| fixed length control field | 00426nam a2200169Ia 4500 |
| 008 - FIXED-LENGTH DATA ELEMENTS--GENERAL INFORMATION | |
| fixed length control field | 230711s9999||||xx |||||||||||||| ||und|| |
| 020 ## - INTERNATIONAL STANDARD BOOK NUMBER | |
| International Standard Book Number | 81-7764-294-4 |
| 041 ## - LANGUAGE CODE | |
| Language code of text/sound track or separate title | ENG |
| 082 ## - DEWEY DECIMAL CLASSIFICATION NUMBER | |
| Classification number | 671.35 |
| Item number | JA-A |
| 100 ## - MAIN ENTRY--PERSONAL NAME | |
| Personal name | Jain,Vijay K |
| 245 #0 - TITLE STATEMENT | |
| Title | Advanced Machining Processes |
| 250 ## - EDITION STATEMENT | |
| Edition statement | 1st Ed. |
| 260 ## - PUBLICATION, DISTRIBUTION, ETC. | |
| Date of publication, distribution, etc. | 2017 |
| Place of publication, distribution, etc. | Delhi |
| Name of publisher, distributor, etc. | Allied Publishers Private Limited |
| 300 ## - PHYSICAL DESCRIPTION | |
| Extent | 371p. |
| 650 ## - SUBJECT ADDED ENTRY--TOPICAL TERM | |
| Topical term or geographic name entry element | Mechanical Engineering |
| 942 ## - ADDED ENTRY ELEMENTS (KOHA) | |
| Koha item type | Book |
| Withdrawn status | Lost status | Damaged status | Not for loan | Collection | Home library | Current library | Date acquired | Source of acquisition | Cost, normal purchase price | Inventory number | Total checkouts | Full call number | Barcode | Date last seen | Price effective from | Koha item type |
|---|---|---|---|---|---|---|---|---|---|---|---|---|---|---|---|---|
| MRSPTU Central Library | MRSPTU Central Library | Krishna Book Distributors | 395.00 | KBD/2017-2018/1019443059 | 671.35 JA-A | 39699 | 08/17/2023 | 08/17/2023 | Book | |||||||
| MRSPTU Central Library | MRSPTU Central Library | Krishna Book Distributors | 395.00 | KBD/2017-2018/1019443059 | 671.35 JA-A | 39700 | 08/17/2023 | 08/17/2023 | Book | |||||||
| MRSPTU Central Library | MRSPTU Central Library | Krishna Book Distributors | 395.00 | KBD/2017-2018/1019443059 | 671.35 JA-A | 39701 | 08/17/2023 | 08/17/2023 | Book | |||||||
| MRSPTU Central Library | MRSPTU Central Library | Krishna Book Distributors | 395.00 | KBD/2017-2018/1019443059 | 671.35 JA-A | 39702 | 08/17/2023 | 08/17/2023 | Book | |||||||
| MRSPTU Central Library | MRSPTU Central Library | Krishna Book Distributors | 395.00 | KBD/2017-2018/1019443059 | 671.35 JA-A | 39703 | 08/17/2023 | 08/17/2023 | Book | |||||||
| MRSPTU Central Library | MRSPTU Central Library | Krishna Book Distributors | 395.00 | KBD/2017-2018/1019443059 | 671.35 JA-A | 39704 | 08/17/2023 | 08/17/2023 | Book |
